000
00315nam a22001337a 4500
008
170807b xxu||||| |||| 00| 0 eng d
020
_a
9780136116035
041
_a
eng
080
_a
004
100
_a
33
101
_a
SHK
245
_a
LEARNING PEACHTREE COMPLETE ACCOUNTING 2009
_c
BRUNSDON,T.E
942
_2
udc
_c
BK
999
_c
22783
_d
22783